000 00831nam1a22002291i 4500
001 rc\4454865
005 20240724164505.0
035 _a(NLR Aleph) 008320973
090 _a8757053
_c8757053
100 _a20130416d1962 |||y0rusy50 ca
101 0 _arus
102 _aRU
105 _a z |||||
200 1 _aИнструкция по техническому обслуживанию самолета ВК
_eКн. 4-
210 _aМосква
_cОборонгиз
_d1962
215 _d22
300 _aЗагл. Кн. 11: Инструкция по техническому обслуживанию изделия ВК
517 0 _aИнструкция по техническому обслуживанию изделия ВК
801 0 _aRU
_bNLR
_gpsbo
801 1 _aRU
_bELAR
_2rusmarc
852 _aNLR
_j63-6/915
942 _cBOOK